000 00576nam a2200181Ia 4500
008 090124s9999 xx 000 0 und d
082 _b7421
_a2045
100 _aपोतदार द्वारकानाथ पा.
245 _a संसार नौका
250 _a1
260 _c1950
300 _a81
600 _aपोतदार द्वारकानाथ पा.
630 _a संसार नौका
700 _aपोतदार द्वारकानाथ पा.
730 _a संसार नौका
942 _cBOOK
999 _c121362
_d121362